[Event "22nd Hoogeveen Open 2018"]
[Site "Hoogeveen"]
[Date "2018.10.22"]
[Round "3"]
[White "Karthikeyan, P.."]
[Black "Guseinov, Gadir"]
[Result "0-1"]
[WhiteElo "2443"]
[BlackElo "2667"]
[Annotator "TA"]
[PlyCount "86"]
[EventDate "2018.10.20"]
[EventType "swiss"]
[EventCountry "NED"]
[SourceTitle "playchess.com"]
[Source "ChessBase"]
[SourceQuality "1"]

{[%evp 23,86,28,45,25,36,12,18,15,45,43,42,41,52,25,20,18,18,21,18,29,32,0,0,0,0,0,0,0,0,0,0,0,0,0,0,0,0,0,0,0,0,0,0,0,0,0,0,0,0,0,0,0,0,0,0,-29994,-29995,-29995,-29996,-29996,-29997,-29997,-29998,-29998,-29999]} 1. e4 c5 2. Nf3 Nc6 3. d4 cxd4 4. Nxd4 g6 5. c4 Nf6 6. Nc3 d6 7. Nc2 Bg7 8. Be2 O-O 9. O-O Nd7 10. Bd2 a5 11. Kh1 Nc5 12. f3 Be6 {LiveBook: 9 Partien. B37: Sizilianisch (Maroczy-Aufbau)} 13. Ne3 (13. Rb1 Qb6 14. Ne3 Rfc8 15. Ncd5 Qd8 16. Bc3 Bxc3 17. Nxc3 {0-1 (48) Duda,J (2658)-Iturrizaga Bonelli,E (2641) Berlin 2015}) 13... a4 14. Rb1 Nd4 {Die Stellung ist ausgeglichen.} 15. Ned5 Re8 $146 ({Vorgänger:} 15... f5 16. Be3 Nxe2 17. Qxe2 fxe4 18. fxe4 Bxd5 19. exd5 {1-0 (39) Hauchard,A (2550)-Raja,H (2377) Pardubice 2017}) 16. Bg5 Nxe2 17. Qxe2 Nd7 18. f4 Bxd5 19. Nxd5 Nb6 20. f5 Nxd5 21. exd5 Qd7 22. Rf3 b5 23. Rbf1 bxc4 24. Qxc4 Rac8 {[%cal Ba8c8,Bc8c4,Bc4e4][%mdl 32]} 25. Qh4 Qb5 26. Bxe7 Rc4 27. fxg6 fxg6 (27... hxg6 $5 28. Qg5 $8 Re4 29. Rxf7 (29. Bxd6 Re1 $11) 29... R4xe7 30. Qxg6 Rxf7 31. Qxf7+ Kh8 $11) 28. Qg5 Re4 29. Bxd6 Re1 30. Qf4 {Und weiter mit Df7+ wäre nett.} Qxd5 31. b3 axb3 $40 {[%mdl 128] Schwarz hat was vor.} 32. axb3 Rxf1+ 33. Rxf1 Qxb3 34. h3 Qd5 35. Rb1 h5 36. Rb8 Rxb8 37. Bxb8 Qd1+ 38. Kh2 Bd4 {( -> ...Lg1+)} 39. Bd6 $2 {[%mdl 8192] [#]} (39. Qe4 $11) 39... Bg1+ {Schwarz setzt Matt.} 40. Kg3 Qe1+ 41. Kf3 Qf2+ 42. Ke4 Qd4+ 43. Kf3 Qd3+ {Precision: Weiß = 73%, Schwarz = 81%.} 0-1

[Event "22nd Hoogeveen Open 2018"]
[Site "Hoogeveen"]
[Date "2018.10.22"]
[Round "3"]
[White "Shyaamnikhil P"]
[Black "De Boer, Eelke"]
[Result "1-0"]
[WhiteElo "2429"]
[BlackElo "2285"]
[Annotator "TA"]
[PlyCount "41"]
[EventDate "2018.10.20"]
[EventType "swiss"]
[EventCountry "NED"]
[SourceTitle "playchess.com"]
[Source "ChessBase"]
[SourceQuality "1"]

{[%evp 19,41,20,20,-6,3,0,0,-4,-2,-24,8,0,62,48,110,100,116,115,125,62,210,222,228,102]} 1. e4 c5 2. Nf3 d6 3. d4 cxd4 4. Nxd4 Nf6 5. Nc3 a6 6. h3 e6 7. g4 Be7 {B81: Sicilian Scheveningen: Keres Attack} (7... h6 8. Bg2 g5 9. Be3 Nbd7 10. Qe2 Ne5 11. O-O-O Nfd7 12. h4 Rg8 13. hxg5 hxg5 14. Kb1 b5 15. f4 gxf4 16. Bxf4 Bb7 {½-½ (56) Karjakin,S (2773)-Mamedyarov,S (2801) Saint Louis 2018}) 8. g5 Nfd7 9. h4 b5 10. Bg2 Bb7 {LiveBook: 9 Games} 11. Nce2 $146 ({Predecessor:} 11. a3 Nc6 12. Be3 Nde5 13. Nxc6 Nxc6 14. f4 O-O 15. Qg4 {0-1 (53) Nguyen,N (2634)-Salem,A (2624) Berlin 2015}) 11... Nc6 12. c3 Rc8 13. Ng3 Nb6 14. b3 d5 15. Nxc6 Bxc6 (15... Rxc6 $11 16. O-O O-O) 16. Qd4 $1 $14 {Be3 is the strong threat.} f6 (16... O-O $14) 17. Be3 Rb8 18. gxf6 gxf6 19. Bf3 ({White should play} 19. Bh3 $16) 19... Qd6 (19... O-O $14) 20. Rd1 $18 Ba8 21. exd5 {Precision: White = 41%, Black = 16%.} (21. Nh5 $18) 1-0

[Event "22nd Hoogeveen Open 2018"]
[Site "Hoogeveen"]
[Date "2018.10.22"]
[Round "3"]
[White "Warmerdam, Max"]
[Black "Van Den Doel, Erik"]
[Result "0-1"]
[WhiteElo "2417"]
[BlackElo "2607"]
[Annotator "TA"]
[PlyCount "67"]
[EventDate "2018.10.20"]
[EventType "swiss"]
[EventCountry "NED"]
[SourceTitle "playchess.com"]
[Source "ChessBase"]
[SourceQuality "1"]

{[%evp 17,67,0,0,-2,0,0,0,0,-16,-15,0,-7,-9,-2,-14,-12,-24,-37,-33,-52,-35,-41,-47,-81,-32,-96,-95,-82,-94,-94,-89,-89,-85,-100,-91,-101,-108,-188,-144,-141,-129,-135,-137,-133,-133,-134,-119,-135,-127,-128,-135,-135]} 1. d4 d5 2. c4 c6 3. Nf3 Nf6 4. e3 Bf5 5. Nc3 e6 6. Nh4 Be4 7. f3 Bg6 {D12: Slav Defence: 3 Nf3 Nf6 4 e3 Bf5} 8. Nxg6 (8. Qb3 Qc7 9. Bd2 Be7 10. O-O-O dxc4 11. Bxc4 a6 12. Be2 Nbd7 13. Nxg6 hxg6 14. Kb1 c5 15. d5 exd5 16. Nxd5 Nxd5 17. Qxd5 {0-1 (31) Karjakin,S (2773)-Caruana,F (2822) Saint Louis 2018}) 8... hxg6 9. g3 Bd6 {LiveBook: 5 Games. The position is equal.} 10. Kf2 c5 $146 ({Predecessor:} 10... Nbd7 11. Kg2 Qe7 12. Bd2 O-O 13. cxd5 cxd5 14. Qb3 Nb6 15. Nb5 {0-1 (34) Hansen,E (2573)-Bartel,M (2622) Berlin 2015}) 11. cxd5 exd5 12. Nb5 Be7 13. dxc5 Bxc5 14. Bd2 Nc6 15. Bc3 O-O 16. Nd4 Re8 17. Bh3 Nh7 18. Bg2 Ng5 19. Re1 Qf6 20. Kg1 Nxd4 (20... Bxd4 {keeps more tension.} 21. exd4 Rxe1+ 22. Bxe1 Nxd4 23. f4 Ne4) 21. Bxd4 ({White should play} 21. f4 $15 Ngf3+ 22. Bxf3 Nxf3+ 23. Qxf3) 21... Bxd4 $17 22. Qxd4 Nxf3+ 23. Bxf3 Qxf3 24. Rad1 Rac8 25. Rd2 b6 26. Qf4 Qh5 27. e4 (27. Qd6 $17 {keeps fighting.}) 27... dxe4 28. Rxe4 Qh3 29. Rxe8+ Rxe8 30. Qf1 Qe6 31. a3 Rc8 32. Kg2 Rc5 33. Re2 Re5 34. Rxe5 {Precision: White = 64%, Black = 73%.} 0-1

[Event "22nd Hoogeveen Open 2018"]
[Site "Hoogeveen"]
[Date "2018.10.22"]
[Round "3"]
[White "Zwirs, Nico"]
[Black "Wedda, Dries"]
[Result "1-0"]
[WhiteElo "2410"]
[BlackElo "2216"]
[Annotator "TA"]
[PlyCount "71"]
[EventDate "2018.10.20"]
[EventType "swiss"]
[EventCountry "NED"]
[SourceTitle "playchess.com"]
[Source "ChessBase"]
[SourceQuality "1"]

{[%evp 24,71,61,59,99,94,105,83,95,58,58,8,172,144,210,197,212,215,213,223,213,225,212,186,170,143,218,232,359,363,29980,29981,2649,752,725,722,29992,326,251,239,239,-29983,29990,-29984,-29985,-29985,29996,29997,29997,-423]} 1. e4 c5 2. Nf3 d6 3. d4 cxd4 4. Nxd4 Nf6 5. Nc3 a6 6. Be3 e5 7. Nb3 Be6 8. f4 exf4 9. Bxf4 Nc6 10. Qe2 Be7 11. h3 {B90: Sicilian Najdorf: Unusual White 6th moves, 6 Be3 Ng4 and 6 Be3 e5} Qc7 (11... Nd7 12. O-O-O Nce5 13. Kb1 O-O 14. g4 Rc8 15. Qe3 Re8 {½-½ (70) Swiercz,D (2665)-Wojtaszek,R (2713) Poznan 2016}) 12. O-O-O O-O 13. Kb1 {LiveBook: 3 Games. White is slightly better.} b5 14. g4 $1 {[%cal Bg2g4,Bg4g5][%mdl 32]} Ne5 15. g5 $1 {[%cal Rg5f6]} Nfd7 16. Nd4 $146 Nb6 17. Nf5 Bxf5 $2 (17... b4 $11 {and Black stays safe.} 18. Nxe7+ Qxe7) 18. exf5 $18 Rfe8 (18... b4 $16) 19. Bg2 Rac8 {Black wants to play ...Nec4.} 20. Nd5 Nxd5 21. Bxd5 Bf8 22. Qg2 Kh8 23. h4 Nc4 24. Qf2 a5 (24... Qc5 $16 25. Qxc5 Rxc5) 25. h5 a4 (25... Qc5 $142 26. Qxc5 Rxc5) 26. h6 Nxb2 $2 (26... g6 $18 27. fxg6 hxg6) 27. hxg7+ ({Not} 27. Kxb2 Qc3+ 28. Kb1 Qb4+ 29. Bb3 (29. Kc1 Qa3+ 30. Kb1 Qb4+ 31. Bb3 axb3 $16) 29... axb3 $14) 27... Bxg7 {[#]} 28. Qh2 (28. g6 $142 $1 {[%mdl 512]} Qe7 29. Rxh7+ Kg8 30. gxf7+ Qxf7 31. Rxg7+ $1 {[%mdl 512]} Kxg7 32. Qg2+ Kf8 33. Bxd6+ Re7 34. Bxf7 Kxf7 35. Qg6+ Kf8 36. Rg1 Rce8 37. Qg8#) 28... h6 29. f6 Bf8 30. Qxh6+ $2 (30. g6 {mates} Nxd1 31. Bxf7 (31. g7+ Bxg7 32. Bxh6 Nc3+ 33. Ka1 Re1+ 34. Bc1+ Kg8 35. Qh7+ Kf8 36. Qh8+ Bxh8 37. Rxh8#) 31... Nc3+ 32. Ka1 Re1+ 33. Rxe1 Ne4 34. Bxh6 Qc3+ 35. Kb1) 30... Bxh6 31. Rxh6+ $40 {[%mdl 128] White goes for the king.} Kg8 32. Rdh1 $4 {[%mdl 8192]} (32. Rg6+ $18 Kf8 33. Bxd6+ $1 {[%mdl 512]} Qxd6 34. Rh6 $1 {[%mdl 512]}) 32... Qxc2+ 33. Ka1 {[%csl Gh1][%cal Rh6h8] [#]} Re1+ $1 34. Rxe1 {[#]} Nd1 $4 {[%mdl 8192] [#]} (34... Nc4 $1 {avoids the disaster.} 35. Bxf7+ Kf8 36. Bxd6+ Nxd6 37. Rh3 a3 38. Rb1 Qe4 39. Rh8+ Kxf7 40. Rh7+ Qxh7 41. Re1 Qh2 42. Re7+ Kg6 43. Rg7+ Kf5 44. g6 Qh1#) 35. Bxf7+ $1 {[%mdl 512]} Kf8 (35... Kxf7 36. Re7+) 36. Bxd6+ {[%mdl 32768] Precision: White = 69%, Black = 25%. . Loss on Time!?} 1-0

[Event "22nd Hoogeveen Open 2018"]
[Site "Hoogeveen"]
[Date "2018.10.22"]
[Round "3"]
[White "Miedema, David"]
[Black "Pruijssers, Roeland"]
[Result "1/2-1/2"]
[WhiteElo "2379"]
[BlackElo "2501"]
[Annotator "TA"]
[PlyCount "86"]
[EventDate "2018.10.20"]
[EventType "swiss"]
[EventCountry "NED"]
[SourceTitle "playchess.com"]
[Source "ChessBase"]
[SourceQuality "1"]

{[%evp 15,86,20,35,1,38,38,62,60,67,65,58,47,54,42,52,38,39,31,38,31,42,16,48,4,32,23,36,32,41,15,41,41,57,52,42,37,41,0,2,0,0,0,12,0,0,0,0,0,0,-17,0,0,0,0,0,0,0,0,0,0,0,0,0,0,0,0,0,0,0,0,0,0,0]} 1. d4 f5 2. g3 Nf6 3. Bg2 g6 4. Nf3 Bg7 5. O-O O-O 6. b3 e6 7. Bb2 d6 8. Nbd2 {A81: Dutch Defence: 2 g3} Qe7 {LiveBook: 4 Games} 9. Qe1 $146 ({Predecessor:} 9. Re1 Ne4 10. Nxe4 fxe4 11. Nd2 d5 12. f3 c5 13. fxe4 cxd4 14. exd5 exd5 15. Bxd5+ Kh8 {1-0 (33) Koneru,H (2607)-Muzychuk,A (2566) Beijing 2013}) 9... Nc6 10. e4 {White is slightly better.} fxe4 11. Nxe4 e5 12. Nxf6+ Bxf6 13. d5 Nd8 14. Nd2 Nf7 15. Ne4 Bg7 16. Qc3 Bf5 17. Rae1 Rac8 18. Qb4 Rb8 19. Re2 b6 20. a4 a5 21. Qc4 Qd7 22. Bc1 Rbe8 23. h4 h5 24. Kh2 Kh8 25. f3 Rc8 26. Ref2 {White wants to play g4!} c6 {The position is equal.} 27. Ba3 cxd5 28. Qxd5 Rfd8 29. c4 Be6 30. Qd1 d5 31. cxd5 Qxd5 32. Qxd5 Bxd5 33. Bh3 {[#] Black must now prevent Be7.} Rc7 34. Rb1 Bxe4 35. fxe4 Nh6 36. Rbf1 Rd3 37. Rf3 Rxf3 (37... Rc2+ {feels hotter.} 38. Kg1 Rd4 39. Rc1 Rxc1+ 40. Bxc1 Rxe4 41. Bg5 Rd4) 38. Rxf3 Ng4+ 39. Bxg4 (39. Kh1 {looks sharper.} Kg8 40. Bf1 Rc2 41. Bd3 Ra2 42. Be7) 39... hxg4 40. Rd3 Bf6 41. Bd6 Rc2+ 42. Kg1 Kg7 43. Bb8 Kf7 {Precision: White = 44%, Black = 50%.} 1/2-1/2

[Event "22nd Hoogeveen Open 2018"]
[Site "Hoogeveen"]
[Date "2018.10.22"]
[Round "3"]
[White "Baskin, Robert"]
[Black "Murray, David"]
[Result "1-0"]
[WhiteElo "2348"]
[BlackElo "2222"]
[Annotator "TA"]
[PlyCount "80"]
[EventDate "2018.10.20"]
[EventType "swiss"]
[EventCountry "NED"]
[SourceTitle "playchess.com"]
[Source "ChessBase"]
[SourceQuality "1"]

{[%evp 18,80,53,53,60,56,64,58,52,16,19,0,0,0,-6,2,7,-76,-68,-124,-106,-163,-39,-52,-12,-22,-10,-10,-8,-9,0,0,11,12,11,15,14,8,9,0,0,0,0,0,0,0,0,0,100,93,92,76,106,53,519,452,519,519,519,498,506,0,981,484,29976]} 1. d4 Nf6 2. c4 {[%cal Bc2c4,Bc4b5][%mdl 32]} c5 3. d5 b5 4. cxb5 a6 5. bxa6 g6 6. Nc3 {A58: Wolga/Benkö-Gambit} Bg7 7. e4 (7. Nf3 O-O 8. g3 d6 9. Bg2 Nxa6 10. O-O Bf5 11. Nh4 Bd7 12. b3 Qb6 13. Bd2 Rfb8 14. Re1 Nc7 15. Qc2 Ra3 16. Qc1 Qa7 17. e4 Ng4 18. h3 {0-1 (38) Li,C (2732)-Shankland,S (2671) Liaocheng 2018}) 7... O-O 8. a7 Rxa7 9. Nf3 e6 10. Be2 {LiveBook: 36 Partien} exd5 11. exd5 d6 12. O-O Na6 13. Bc4 $146 ({Vorgänger:} 13. Bf4 Nc7 {1-0 (42) Thejkumar,M (2467)-Hauge,L (2411) Sitges 2015}) 13... Nc7 14. Bf4 Ba6 15. Nd2 Nh5 16. Be3 f5 17. f4 (17. Re1 $11 {bleibt in der Remisbreite.}) 17... Re8 18. Bf2 (18. Rf3 $15) 18... Nxf4 19. Qf3 (19. Bxc5 $17 {war einen Versuch wert.} dxc5 20. Rxf4) 19... Bxc4 ({Besser ist} 19... Bxc3 $1 $19 20. bxc3 Bxc4 21. Nxc4 Ncxd5) 20. Nxc4 $15 Bxc3 (20... g5 {feels hotter.} 21. g3 Nh3+ 22. Kh1 Rf8 23. Be1 g4) 21. Qxf4 Bf6 {[#] Droht stark ...Te4.} ({Jedoch nicht} 21... Nxd5 $2 22. Qf3 $18) 22. Qxd6 Qxd6 23. Nxd6 Rd8 24. Bxc5 Ra6 25. Nc4 {Weiss will d6 spielen.} Rxd5 26. Bf2 Nb5 27. a4 Nd6 $1 {[%cal Rd6c4]} 28. Nb6 Rd2 29. Rad1 $36 {[%mdl 2048] Weiss steht aktiver.} Ne4 30. Rxd2 Nxd2 31. b4 Nxf1 32. Kxf1 $11 {[%mdl 4096] Endspiel KTL-KLS} Bd8 (32... Kf7 $11) 33. a5 $16 Kf7 34. Ke2 Ke6 {[#]} 35. Kd3 $1 Bxb6 $2 {[%mdl 8192]} (35... Kd6 $1 $14) 36. Bxb6 $18 Kd5 37. b5 Ra8 38. a6 Rc8 39. a7 $2 (39. Ba7 $18 {b6 ist eine echte Drohung.} g5 40. Bg1) 39... f4 $2 {[%mdl 8192]} (39... Kd6 $11) 40. Bc7 $1 {[%cal Rc7b8] Droht Lb8 und aus.} g5 {Precision: Weiß = 56%, Schwarz = 45%.} (40... Ra8 $18 41. Bb6 Rc8) 1-0

[Event "22nd Hoogeveen Open 2018"]
[Site "Hoogeveen"]
[Date "2018.10.22"]
[Round "3"]
[White "De Jong, Migchiel"]
[Black "Li, Henry"]
[Result "1-0"]
[WhiteElo "2309"]
[BlackElo "2207"]
[Annotator "TA"]
[PlyCount "61"]
[EventDate "2018.10.20"]
[EventType "swiss"]
[EventCountry "NED"]
[SourceTitle "playchess.com"]
[Source "ChessBase"]
[SourceQuality "1"]

{[%evp 20,61,16,13,37,35,36,25,29,25,25,25,31,26,26,21,27,3,35,36,51,48,58,42,64,47,51,21,38,34,25,28,28,34,147,149,260,278,260,255,293,296,398,405]} 1. e4 e5 2. Nf3 Nc6 3. Bb5 a6 4. Ba4 Nf6 5. d3 b5 6. Bb3 Be7 7. O-O O-O 8. a4 Rb8 9. axb5 axb5 10. Nc3 d6 11. h3 {LiveBook: 29 Games} Nd4 {C84: Closed Ruy Lopez: Unusual White 6th moves} (11... Nb4 12. Bg5 Bd7 13. Qd2 Nh5 14. Ra7 Bxg5 15. Qxg5 Nf6 16. Rfa1 Be6 17. Bxe6 fxe6 18. Qd2 Nc6 19. R7a6 {1-0 (76) Volokitin,A (2722)-Ragger,M (2655) Austria 2012}) 12. Nxd4 exd4 13. Nd5 Be6 {White has an edge.} 14. Nxf6+ $146 ({Predecessor:} 14. Ra7 Nxd5 15. exd5 Bf5 16. Bd2 Ra8 17. Qa1 Re8 18. Re1 Kf8 19. Qa5 Rxa7 20. Qxa7 Bg5 21. Rxe8+ Kxe8 22. Ba5 {1-0 (22) Hambartsumian,Y (2355)-Brandner,S (2296) Kallithea 2008}) 14... Bxf6 15. Bxe6 fxe6 16. Qg4 Qd7 17. f4 Ra8 18. Bd2 {[%cal Bc1d2,Bd2e1,Be1g3][%mdl 32]} Rxa1 (18... Kh8 {is more complex.} 19. Rfc1 c5 20. Qf3 Be7 21. g4 Kg8) 19. Rxa1 c5 20. Ra6 Re8 21. Be1 Qe7 22. Bg3 e5 23. Rc6 Rd8 24. Rc8 Rxc8 25. Qxc8+ Kf7 26. f5 Bg5 {[#]} (26... b4 $14) 27. b4 $1 $16 {[%mdl 512]} Bd2 (27... cxb4 $16 28. Be1 b3 29. cxb3 d5) 28. bxc5 $18 dxc5 29. Qb8 Qe8 30. Qb7+ ({Weaker is} 30. Qxe5 Qxe5 31. Bxe5 Bc3 $16) (30. Bxe5 Qxb8 31. Bxb8 c4 $16) 30... Kf8 31. Qd5 {Precision: White = 77%, Black = 14%.} 1-0

[Event "22nd Hoogeveen Open 2018"]
[Site "Hoogeveen"]
[Date "2018.10.22"]
[Round "3"]
[White "Warakomska, Anna"]
[Black "Giacomini, Hector"]
[Result "1/2-1/2"]
[WhiteElo "2293"]
[BlackElo "2178"]
[Annotator "TA"]
[PlyCount "94"]
[EventDate "2018.10.20"]
[EventType "swiss"]
[EventCountry "NED"]
[SourceTitle "playchess.com"]
[Source "ChessBase"]
[SourceQuality "1"]

{[%evp 18,94,0,9,10,0,0,0,0,0,0,0,0,-1,6,10,23,31,35,30,32,24,16,-155,-145,-149,-77,-62,103,112,107,109,107,0,0,0,-7,-13,-19,-171,-175,-181,-181,-195,0,0,0,0,10,-269,9,-84,-80,-84,-71,-79,-75,-70,227,235,192,-102,-96,-91,-74,-95,-83,-91,-56,-57,-22,-31,0,0,0,-27,0,0,0]} 1. e4 c6 2. d4 d5 3. e5 c5 4. dxc5 e6 5. a3 Bxc5 6. b4 {B12: Caro-Kann: Advance Variation} Be7 7. Nf3 a5 8. b5 Nd7 9. Bd3 f6 10. Bb2 {LiveBook: 3 Games} Nh6 11. Qe2 $146 ({Predecessor:} 11. O-O Nf7 12. exf6 Bxf6 13. Bxf6 Qxf6 {1-0 (42) Fressinet,L (2651)-Hansen,T (2429) Porticcio 2017}) 11... O-O 12. O-O Nf7 13. exf6 $1 Bxf6 14. c4 Nc5 15. Nc3 b6 16. Rad1 Bb7 17. cxd5 exd5 18. Bb1 $1 d4 {[#]} 19. Nxd4 $1 {[%mdl 512]} Bxd4 20. Qh5 $2 (20. Qg4 $11) 20... Nh6 $1 $17 21. Ne4 Bxe4 (21... Rf5 22. Qe2 $11) (21... Qe8 $142 $1 22. Qxe8 Raxe8 23. Bxd4 Bxe4 24. Bxc5 bxc5) 22. Bxd4 {[#]} Qe8 $2 (22... Bg6 $1 $15 23. Ba2+ (23. Bxg6 hxg6 24. Qxg6 Qc7 $15) 23... Nf7) 23. Ba2+ $16 {[%mdl 1024] White has strong compensation.} Nf7 24. Rfe1 Bg6 25. Qd5 ({White must play} 25. Qf3 $1 $16 Qxb5 26. Bxf7+ (26. Re7 $2 Rae8 $19) 26... Bxf7 27. Qg3) 25... Qd8 $11 {Threatens to win with ...Qxd5.} ({Not} 25... Qxb5 $2 26. Qe5 $18) 26. Qe5 $1 {[%csl Gd4][%cal Re5g7]} Qf6 $1 {[%cal Rf6e5]} 27. Qc7 Qg5 28. Qxb6 $2 (28. f4 $11 {and White is okay.} Qh5 29. Qe5) 28... Nd3 $1 $19 {[%cal Rd3e1]} 29. Re3 Nf4 $1 {[%csl Gf4][%cal Rg5g2]} 30. g3 Nd5 $2 (30... Rac8 $19 31. Qd6 Nh3+ 32. Kg2 Nxf2 $1 {[%mdl 512]}) 31. Qc5 $1 $36 {[%mdl 2048] White is pushing.} Qh5 32. Ree1 {[%cal Be3e1,Be1d1,Bd1d7][%mdl 32]} Nf6 33. Qc3 $2 {[%mdl 8192] [#]} (33. Rc1 $11) 33... Rfd8 $2 ({Less strong is} 33... Qxb5 34. Bxf6 gxf6 35. Qxf6 $15) (33... Ne4 $1 $19 {[%cal Re4c3]} 34. Qc6 Neg5) 34. Qa1 (34. Rc1 $11 {keeps the balance.}) 34... Qxb5 $17 35. Bxf6 Rxd1 36. Rxd1 gxf6 37. Qxf6 Qh5 $2 {[%mdl 8192]} (37... Re8 $15 {keeps the upper hand.} 38. Bd5 Qe2) 38. Rd7 $18 Re8 {[#] Hoping for ...Re1+.} 39. Qc3 $2 ({White should try} 39. h4 $1 $18) 39... Qe5 $17 40. Qxe5 Rxe5 41. f4 Rc5 42. Be6 Rc1+ 43. Kf2 {Strongly threatening f5.} Rc2+ 44. Ke3 {aiming for f5.} Rc3+ (44... Rxh2 $6 45. f5 $16) 45. Kd2 Rc2+ 46. Ke3 {f5 is the strong threat.} Rc3+ ({Don't play} 46... Rxh2 47. f5 $16) 47. Kd2 Rc2+ {Precision: White = 51%, Black = 46%.} 1/2-1/2

[Event "22nd Hoogeveen Open 2018"]
[Site "Hoogeveen"]
[Date "2018.10.22"]
[Round "3"]
[White "Bluhm, Sonja Maria"]
[Black "Ingebretsen, Jens E"]
[Result "1/2-1/2"]
[WhiteElo "2281"]
[BlackElo "2160"]
[Annotator "TA"]
[PlyCount "134"]
[EventDate "2018.10.20"]
[EventType "swiss"]
[EventCountry "NED"]
[SourceTitle "playchess.com"]
[Source "ChessBase"]
[SourceQuality "1"]

{[%evp 18,134,-20,-14,-8,-14,0,-4,24,0,8,0,5,-25,9,14,41,0,16,0,50,62,56,0,118,102,116,45,51,50,33,35,56,39,59,0,0,0,0,0,0,-21,-12,-31,-39,-55,-77,-109,-95,-104,-47,-147,-144,-131,-59,-282,-297,-316,-162,-370,-314,-320,-300,-376,-343,-534,-537,-567,-183,-202,-202,-169,-51,-52,-51,-61,-17,-59,-17,-42,-17,-17,-17,-17,-17,-17,0,-8,0,0,0,0,0,0,0,0,0,0,0,0,0,0,0,0,0,0,0,0,0,0,0,0,0,0,0,0,0,0,0]} 1. e4 c5 2. Nc3 Nc6 3. Bb5 Nd4 4. Bc4 e6 5. Nge2 Nf6 6. O-O {B23: Closed Sicilian: Lines without g3} a6 7. d3 b5 8. Bb3 Nxb3 9. axb3 Bb7 10. f4 {[%cal Bf2f4,Bf4f5][%mdl 32] LiveBook: 30 Games} d6 11. f5 Be7 12. Qe1 $146 ({Predecessor:} 12. fxe6 fxe6 13. Nf4 Qd7 {½-½ (41) Carnstam,T (2380)-Kulmala,P (2364) ICCF email 2013}) 12... Qd7 13. Qg3 Rg8 14. Qh3 exf5 15. Qxf5 b4 16. Qxd7+ Nxd7 (16... Kxd7 {looks sharper.} 17. Na4 Kc6 18. Ng3 Bc8 19. Be3 Ng4) 17. Nb1 {[%cal Bc3b1,Bb1d2,Bd2c4][%mdl 32]} Bf6 18. Nd2 O-O-O 19. Nc4 Ne5 20. Ng3 ({Better is} 20. Ne3 $14) 20... Ng6 (20... Nxc4 $11 21. bxc4 Kc7) 21. Nf5 $16 Kc7 22. Nfe3 (22. Ra5 $16) 22... Rge8 $14 23. Bd2 Rd7 24. Be1 h5 25. h3 Ne5 26. Bg3 (26. Na5 $14) 26... Nxc4 $11 27. Nxc4 Re6 28. Rae1 Bd4+ 29. Kh1 Kd8 30. Nb6 Rde7 31. Bh4 f6 {[%cal Bf7f6,Bf6f5][%mdl 32]} 32. Rb1 Kc7 33. Na4 Bc6 (33... a5 $17) 34. Bg3 (34. c3 $1 $15 Be3 35. Rf3) 34... Be5 $17 35. Bf2 g6 (35... a5 $17 36. Be3 g6) 36. Rfc1 $2 (36. c3 $1 $15) 36... f5 $19 37. c3 bxc3 (37... fxe4 $142 38. cxb4 exd3 39. bxc5 d2) 38. bxc3 $2 (38. Nxc3 fxe4 39. dxe4) 38... fxe4 39. dxe4 Bxe4 40. Rb2 g5 {[#]} 41. b4 (41. Bxc5 $1 {[%mdl 512] might work better.} dxc5 42. Nxc5) 41... Bc6 42. Ra1 Bxa4 $2 (42... g4 {Threatens to win with ...gxh3.} 43. bxc5 gxh3) 43. Rxa4 Bxc3 44. Rc2 {[#]} Be1 ({Don't take} 44... Bxb4 45. Rxb4 Re2 46. Rbb2 $17) (44... Re1+ $1 $19 45. Bxe1 Rxe1+ 46. Kh2 Be5+ 47. g3 Re4) 45. bxc5 $15 d5 46. Bxe1 $1 Rxe1+ {[%mdl 4096] Endgame KRR-KRR} 47. Kh2 R7e6 48. Rca2 Rc1 (48... Kc6 {keeps more tension.} 49. Rxa6+ Kxc5 50. R6a5+ Kd6 51. Ra8 Ke5) 49. Rxa6 {The position is equal.} Rxa6 50. Rxa6 Rxc5 $11 {next ...d4 is good for Black. KR-KR} 51. Kg3 h4+ 52. Kg4 d4 53. Kf3 Rc3+ 54. Ke4 d3 55. Ke3 Kd7 56. Rg6 d2+ 57. Kxd2 Rg3 {And now ...Ke7 would win.} 58. Ke2 Rxg2+ 59. Kf3 Rg3+ 60. Ke4 Ke7 61. Kf5 Rxh3 62. Rxg5 Ra3 {( -> ...Ra5+)} 63. Kg4 Ra4+ 64. Kh3 Kf6 65. Rg4 Rxg4 66. Kxg4 h3 67. Kxh3 Ke5 {Precision: White = 53%, Black = 42%.} 1/2-1/2